| 000 | 01192nam a2200253 a 4500 | ||
|---|---|---|---|
| 001 | 57538 | ||
| 003 | BD-RjUL | ||
| 005 | 20211209080526.0 | ||
| 008 | 160121s2004 bg ||||| |||| 00| 0 ben d | ||
| 020 |
_a9840608100 _c: Tk 110.00 |
||
| 035 | _a(BD-RjUL)57662 | ||
| 040 |
_aBD-RjUL _bban _cBD-RjUL _dBD-RjUL |
||
| 041 | _aben | ||
| 082 |
_223 _a297.648 _bAKA 2004 |
||
| 100 |
_aআকরাম, এ আই _9170848 |
||
| 245 | 1 | 0 |
_aআল্লাহ্র তলোয়ার : _b(দি সোর্ড অব আল্লাহ) / _cএ আই আকরাম, মোহাম্মদ আবদুল বাতেন অনূদিত |
| 260 |
_aঢাকা : _bইসলামিক ফাউন্ডেশন, _c২০০৪ |
||
| 300 |
_a৪৮৭ পৃ. ; _c২২ সেমি. |
||
| 500 | _a(প্রখ্যাত মুসলিম জেনারেল খালিদ বিন ওয়ালিদের সামরিক জীবন ও অভিযানসমুহ) | ||
| 650 |
_aসাহাবা _9119427 |
||
| 650 |
_aSahabah _9119428 |
||
| 700 |
_aবাতেন, মোহাম্মদ আবদুল অনূদিত _9170861 |
||
| 942 |
_2ddc _cBK |
||
| 999 |
_c57538 _d57538 |
||